000 00318nam a2200133Ia 4500
005 20260328104331.0
008 260328s9999||||xx |||||||||||||| ||und||
100 _aMedero, Santiago
245 0 _aCarlos Surraco /
_cSantiago Medero
260 _bFADU-Udelar
300 _a117 p.
650 _aARQUITECTOS
942 _cBK
999 _c11700
_d11700